| 000 | 00912nam a22002537a 4500 | ||
|---|---|---|---|
| 999 |
_c10504 _d10504 |
||
| 003 | AR-CdUCM | ||
| 008 | 190401b ||||| |||| 00| 0 spa d | ||
| 040 |
_aMUNICIPALIDAD PROVINCIAL DEL CUSCO _cBIBLIOTECA MUNICIPAL DEL CUSCO |
||
| 041 | _heng | ||
| 082 |
_a980.17 / _bF82 /1942 |
||
| 100 |
_aFrazer, James George,Sir, _927402 |
||
| 245 | _aMitos sobre el origen del fuego en América / | ||
| 260 |
_aBuenos Aires : _bEmecé Editores, _c1942. |
||
| 300 |
_a124 paginas ; _c 18 cm. |
||
| 440 |
_aColección Buen Aire _927403 |
||
| 500 | _aTitulo original : Myths of the origin of fire | ||
| 505 | _aContenido : Sud América -- América central y mejico -- América del norte -- Las tres edades del fuego. | ||
| 650 |
_aOrigen del Fuego _927404 |
||
| 650 |
_aMitos y leyendas _94206 |
||
| 650 |
_aAmérica _91348 |
||
| 700 |
_aAraoz Gregorio (Traductor) _927405 |
||
| 942 |
_2ddc _cLIBROS |
||
| 945 | _awnts | ||